• 首页
  • 本馆介绍
  • 公告通知
  • 最新文献
  • 馆藏检索
  • 电子资源
  • 读者导购
  • 参考咨询
  • 我的图书馆
  • 登录
  • 详细信息显示
  • 放入我的书架
  • 预约/预借图书
  • 作者相关作品
  • 分类相关作品
  • 丛书相关作品
  • 出版社相关作品

书目信息

  • 表格格式
  • 工作单格式
  • 卡片格式
题名:
上帝与国家
    
 
作者: 巴枯宁 著 ;朴英 译
分册:  
出版信息: 上海   华东师范大学出版社  2005
页数: 85页
开本: 21cm
丛书名: 六点学术
单 册:
中图分类: B512.51
科图分类:
主题词:
电子资源:
ISBN: 7-5617-4368-8
000 01219nam0 2200361 450
000 01182nam0 2200349 450
000 01152nam0 2200349 450
000 01098nam0 2200325 450
000 01052nam0 2200313 450
000 01015oam2 2200301 450
001 010700017950
005 20061115151459.00
010    @a7-5617-4368-8@dCNY10.00
100    @a20060317d2005 em y0chiy0110 ea
101 1  @achi@crus
102    @aCN@b310000
105    @ay z 000yy
200 1  @a上帝与国家@9shang di yu guo jia@f(俄)巴枯宁著@g朴英译
210    @a上海@c华东师范大学出版社@d2005
215    @a85页@d21cm
225 2  @a六点学术@i民国系列
308    @a丛书第一辑
330    @a本书是无政府主义理论家巴枯宁的代表著作,是对基督教神权和资产阶级国家秩序的反抗,宣传无神论与社会革命,有一定的理论价值和历史进步意义。
462  0 @12001 @a六点学术@i民国系列
510 1  @aGod and the state@zeng
600  1 @a巴枯宁@bM.A.@f1814~1876
600  1 @a巴枯宁@bM.A.@f1814~1876@x哲学理论
690    @aB512.51@v4
701  0 @a巴枯宁@9ba ku ning@4著
702  0 @a朴英@9piao ying@4译
801  0 @aCN@bRENTIAN@c20061115
905    @a10447@dB512.51@e23
    
    上帝与国家/(俄)巴枯宁著/朴英译.-上海:华东师范大学出版社,2005
    85页;21cm.-(六点学术.民国系列)
    
    
    ISBN 7-5617-4368-8:CNY10.00
    本书是无政府主义理论家巴枯宁的代表著作,是对基督教神权和资产阶级国家秩序的反抗,宣传无神论与社会革命,有一定的理论价值和历史进步意义。
●
相关链接 在E读中查询图书 在五车中查询图书 在当当中查询图书 在豆瓣中查询图书


正题名:上帝与国家     索取号:B512.51/23         预约/预借

序号 登录号 条形码 馆藏地/架位号 状态 备注
1 0391279   203912793   第一样本阅览室/ [索取号:B512.51/23] 在馆    
2 0391280   203912800   第一借阅区/ [索取号:B512.51/23] 在馆    
3 0391281   203912819   第一借阅区/ [索取号:B512.51/23] 在馆    
4 0391282   203912828   第一借阅区/ [索取号:B512.51/23] 在馆    
5 0391283   203912837   第一借阅区/ [索取号:B512.51/23] 在馆    
唐山师范学院图书馆 欢迎您!
大连网信软件有限公司© 版权所有